| 000 | 00453 a2200121 4500 | ||
|---|---|---|---|
| 001 | ART_42497 | ||
| 005 | 20260410161842.0 | ||
| 008 | 260409a | ||
| 245 | 1 | 0 | _aEl Artículo 645 del Código Civil y Comercial de la Nación y la autorización parental al hijo para ingresar a las Fuerzas Armadas |
| 100 | 1 | _aTorres, Ismael F. | |
| 700 | 1 | _aFuria de Torres, Lilian Alicia G. | |
| 773 | 0 |
_tRAP _g- Año 39, Nº 464 (mayo 2017) _wREV5941 |
|
| 999 |
_c24221 _d24221 |
||